| 000 | 00801nam a2200289Ia 4500 | ||
|---|---|---|---|
| 001 | Para_1820 | ||
| 003 | CHAP | ||
| 008 | 220125s1992 xx 000 0 und d | ||
| 010 | _a200433 | ||
| 040 | _cCHAP | ||
| 082 | _aPA 632.96 L6 | ||
| 100 |
_aLomer, C.J., ed. _9165305 |
||
| 245 |
_aBiological control of lociests and groshoppers / _c by C.J. Lomer and C. Prior, ed |
||
| 260 |
_aNigeria : _b CAB International |
||
| 300 | _a394 p. | ||
| 650 |
_aChapulines _921941 |
||
| 650 |
_aControl biológico de plagas _927587 |
||
| 650 |
_aLangosta como plaga _964759 |
||
| 700 |
_aPrior, C. _991662 |
||
| 901 | _aPA 632.96 L6 | ||
| 902 | _aA | ||
| 905 | _a0000001992 0000000000 00 | ||
| 910 | _a1992 | ||
| 942 | _cPARA | ||
| 942 |
_cPARA _d1 |
||
| 999 |
_c200433 _d200433 |
||